Statistics for Countries Closest to Timor-Leste - One Minute Sprint

Click here to take the quiz!

General Stats

  • This quiz has been taken 48 times
  • The average score is 15 of 20

Answer Stats

kmcountrymiles% Correct
0Indonesia0
100%
461Australia286
95%
1594Malaysia990
95%
1813Brunei1127
90%
1506Papua New Guinea936
90%
2979Thailand1851
87%
3227Laos2005
85%
2988Cambodia1857
82%
2516Singapore1563
82%
1538Philippines956
79%
3433China2133
77%
2899Vietnam1802
77%
3796India2359
72%
3549Myanmar2205
72%
1620Palau1006
62%
3436Taiwan2135
62%
3624Japan2252
46%
2176Micronesia1352
46%
3109Solomon Islands1932
41%
4319Vanuatu2684
41%

Score Distribution

Percentile by Number Answered

Percent of People with Each Score

Your Score History

You have not taken this quiz